|
|
|
|
| LEADER |
01597njm a2200373 a 4500 |
| 001 |
000291577 |
| 003 |
CZ BrMZK |
| 005 |
19950101143423.0 |
| 008 |
950101s1994 xr f lat d |
| 028 |
0 |
3 |
|a 11 2138-2 231
|b Supraphon
|
| 040 |
|
|
|a BOA001
|b cze
|
| 080 |
|
|
|a 783.21"18"(086.7)
|2 MRF
|
| 100 |
1 |
|
|a Tomášek, Václav Jan,
|d 1774-1850
|7 jk01132678
|4 cmp
|
| 245 |
1 |
0 |
|a Missa solemnis, op. 81 /
|c Václav Jan Tomášek
|h [zvukový záznam]. Missa in Es / Antonín Vranický.
|
| 260 |
|
|
|a Praha :
|b Supraphon,
|c p1985, c1994
|
| 300 |
|
|
|a 1 CD :
|b DDD ;
|c 12 cm +
|e 1 brožura [8 s.].
|
| 306 |
|
|
|a 011411
|
| 500 |
|
|
|a Durata 74:11
|
| 500 |
|
|
|a Text v brož. vícejaz.
|
| 500 |
|
|
|a Nahr. 1984
|
| 511 |
0 |
|
|a Jana Jonášová, soprán; Marie Mrázová, contralt; Vladimír Doležal, tenor ... [et al.]. Kühnův smíšený sbor; Pražský komorní orchestr, sbm. Pavek Kühn.
|
| 653 |
0 |
|
|a klasicismus(hudeb.)
|a mše
|
| 700 |
1 |
|
|a Vranický, Antonín,
|d 1761-1820
|7 jn19990210809
|4 cmp
|
| 700 |
1 |
|
|a Doležal, Vladimír,
|d 1951-
|7 jo2003190791
|4 prf
|
| 700 |
1 |
|
|a Jonášová, Jana,
|d 1943-
|7 jn19990209327
|4 prf
|
| 700 |
1 |
|
|a Kühn, Pavel,
|d 1938-2003
|7 jn19990009906
|4 cnd
|
| 700 |
1 |
|
|a Mrázová, Marie,
|d 1926-
|7 mzk2003189310
|4 prf
|
| 700 |
1 |
|
|a Novák, Richard,
|d 1931-
|7 jn19990209599
|4 prf
|
| 710 |
2 |
|
|a Kühnův smíšený sbor
|7 ko2003164871
|4 prf
|
| 710 |
2 |
|
|a Pražský komorní orchestr
|7 kn20010710282
|4 prf
|
| 910 |
|
|
|a BOA001
|b CD-0002.064
|
| 964 |
|
|
|a Mše
|z stol.19.
|x CD
|
| 990 |
|
|
|a AV
|
| 996 |
6 |
|
|b 261H002096
|c CD-0002.064
|l MZK
|r Sklad / do 24 hodin
|n 0
|w 000291577
|u 000010
|a 1
|e BOA001
|j MZK50
|s P
|